| 000 | 00500nam a2200181Ia 4500 | ||
|---|---|---|---|
| 005 | 20250326140445.0 | ||
| 008 | 250326s9999 xx 000 0 und d | ||
| 037 | _aTextbook | ||
| 040 |
_aFMSL _beng _cFMSL |
||
| 041 |
_aeng _2eng |
||
| 084 |
_aSIGMAx M3 _qFMSL |
||
| 100 | _aDube S C | ||
| 245 | 0 |
_aOn crisis and commitment in social sciences _cDube S C |
|
| 260 |
_aNew Delhi _bNew Delhi, Abhinav _c1983 |
||
| 300 | _a105p | ||
| 942 |
_cTB _hSIGMAx M3 |
||
| 999 |
_c1285896 _d1285896 |
||